[Event "Sanya Hainan op-A"]
[Site "Sanya"]
[Date "2017.12.21"]
[Round "5"]
[White "Xu, Yinglun"]
[Black "Liu, Chang"]
[Result "1/2-1/2"]
[WhiteElo "2539"]
[BlackElo "2357"]
[PlyCount "66"]
[EventDate "2017.12.17"]
[EventType "swiss"]
[EventRounds "9"]
[EventCountry "CHN"]
[SourceTitle "CBM 182 Extra"]
[Source "ChessBase"]
[SourceDate "2018.02.23"]
[SourceVersion "1"]
[SourceVersionDate "2018.02.23"]
[SourceQuality "1"]

1. d4 Nf6 2. c4 e6 3. Nf3 d5 4. Nc3 c6 5. Bg5 Be7 6. e3 0-0 7. Bd3 Nbd7 8. 0-0 dxc4 9. Bxc4 Nd5 10. Bxe7 Qxe7 11. Qc2 Nxc3 12. Qxc3 b6 13. e4 Bb7 14. Rad1 c5 15. d5 exd5 16. Bxd5 Bxd5 17. Rxd5 Nf6 18. Re5 Qb7 19. Re1 Rae8 20. Rxe8 Rxe8 21. e5 Nd5 22. Qc4 Nc7 23. Ng5 Qd5 24. Qxd5 Nxd5 25. Rd1 Nb4 26. a3 Nc6 27. f4 Nd4 28. Kf2 f6 29. exf6 gxf6 30. Nf3 Re2+ 31. Kf1 Rxb2 32. Nxd4 cxd4 33. Rxd4 a5 1/2-1/2

[Event "Sanya Hainan op-A"]
[Site "Sanya"]
[Date "2017.12.17"]
[Round "1"]
[White "Sandipan, Chanda"]
[Black "Liu, Chang"]
[Result "1-0"]
[WhiteElo "2566"]
[BlackElo "2357"]
[PlyCount "63"]
[EventDate "2017.12.17"]
[EventType "swiss"]
[EventRounds "9"]
[EventCountry "CHN"]
[SourceTitle "CBM 182 Extra"]
[Source "ChessBase"]
[SourceDate "2018.02.23"]
[SourceVersion "1"]
[SourceVersionDate "2018.02.23"]
[SourceQuality "1"]

1. d4 Nf6 2. c4 e5 3. dxe5 Ng4 4. Nf3 Bc5 5. e3 Nc6 6. Be2 Ngxe5 7. Nxe5 Nxe5 8. Nc3 0-0 9. 0-0 Re8 10. Ne4 Bf8 11. f4 Nc6 12. Ng5 d6 13. Bd3 g6 14. Bd2 h6 15. Nf3 d5 16. Qb3 dxc4 17. Bxc4 Be6 18. Rac1 Bxc4 19. Rxc4 Qd5 20. e4 Qe6 21. f5 gxf5 22. exf5 Qxf5 23. Nd4 Qg6 24. Nxc6 bxc6 25. Qf3 h5 26. Bc3 Rab8 27. Rf4 Bc5+ 28. Kh1 Re3 29. Qd1 Rf8 30. Rf5 Be7 31. Qd4 Qh6 32. Rxh5 1-0

[Event "CHN-ch blitz"]
[Site "Shenzhen"]
[Date "2017.12.09"]
[Round "9"]
[White "Liu, Chang"]
[Black "Wen, Yang"]
[Result "1-0"]
[WhiteElo "2357"]
[BlackElo "2605"]
[PlyCount "61"]
[EventDate "2017.12.08"]
[EventType "swiss (blitz)"]
[EventRounds "9"]
[EventCountry "CHN"]
[SourceTitle "CBM 182 Extra"]
[Source "ChessBase"]
[SourceDate "2018.02.23"]
[SourceVersion "1"]
[SourceVersionDate "2018.02.23"]
[SourceQuality "1"]

1. e4 e5 2. Nc3 Nf6 3. g3 d5 4. exd5 Nxd5 5. Bg2 Ne7 6. Nge2 Nbc6 7. d3 g6 8. h4 h6 9. h5 g5 10. Be3 Bg7 11. Qd2 Be6 12. 0-0-0 Qd7 13. Ne4 b6 14. Bxg5 hxg5 15. h6 Rxh6 16. Rxh6 f5 17. Qxg5 Bxh6 18. Nf6+ Kf7 19. Qxh6 Qd6 20. Nh5 Rg8 21. Qh7+ Kf8 22. Qh6+ Kf7 23. Qh7+ Kf8 24. Qh6+ Kf7 25. Rh1 Bd5 26. Qh7+ Kf8 27. Bxd5 Nxd5 28. Qxf5+ Ke7 29. Qh7+ Kf8 30. g4 Rxg4 31. Qf5+ 1-0

[Event "CHN-ch blitz"]
[Site "Shenzhen"]
[Date "2017.12.08"]
[Round "4"]
[White "Liu, Chang"]
[Black "Xu, Yi"]
[Result "0-1"]
[WhiteElo "2357"]
[BlackElo "2482"]
[PlyCount "134"]
[EventDate "2017.12.08"]
[EventType "swiss (blitz)"]
[EventRounds "9"]
[EventCountry "CHN"]
[SourceTitle "CBM 182 Extra"]
[Source "ChessBase"]
[SourceDate "2018.02.23"]
[SourceVersion "1"]
[SourceVersionDate "2018.02.23"]
[SourceQuality "1"]

1. c4 Nf6 2. g3 e6 3. Bg2 d5 4. Nf3 Be7 5. 0-0 0-0 6. b3 c5 7. d4 dxc4 8. bxc4 Nc6 9. e3 Qc7 10. Nbd2 b6 11. Bb2 Bb7 12. Rc1 Rfd8 13. Qe2 Rac8 14. Rfd1 Qb8 15. Nb3 Qa8 16. a3 a5 17. dxc5 bxc5 18. Bc3 a4 19. Nbd2 Na5 20. Rb1 Bc6 21. Be5 Ne4 22. Nxe4 Bxe4 23. Rbc1 f6 24. Bc3 Nb3 25. Rxd8+ Rxd8 26. Rd1 e5 27. Rxd8+ Qxd8 28. Ne1 Bxg2 29. Kxg2 Qd7 30. Qd3 Qc6+ 31. f3 Kf7 32. Qxh7 Qe6 33. Qd3 Nc1 34. Qd2 Nb3 35. Qd3 Nc1 36. Qc2 Nb3 37. Bb2 Na5 38. Nd3 Qxc4 39. Qxc4+ Nxc4 40. Bc1 Nb6 41. Bd2 c4 42. Nb4 Ke6 43. e4 Bc5 44. Kf1 Bd4 45. Ke2 c3 46. Bc1 Nc4 47. Kd3 Na5 48. Na2 Nb3 49. Be3 Nc5+ 50. Ke2 c2 51. Bc1 Nb3 52. Kd3 Nxc1+ 53. Nxc1 Bb2 54. Kxc2 Bxa3 55. Ne2 Bc5 56. Nc3 a3 57. Kb3 g5 58. g4 Kd6 59. Nb5+ Kc6 60. Nxa3 Bxa3 61. Kxa3 Kc5 62. Ka4 Kd4 63. Kb5 Ke3 64. Kc5 Kxf3 65. Kd5 Kxg4 66. Ke6 Kf4 67. Kxf6 g4 0-1

[Event "CHN-ch blitz"]
[Site "Shenzhen"]
[Date "2017.12.08"]
[Round "1"]
[White "Xu, Xiangyu"]
[Black "Liu, Chang"]
[Result "1-0"]
[WhiteElo "2549"]
[BlackElo "2357"]
[PlyCount "91"]
[EventDate "2017.12.08"]
[EventType "swiss (blitz)"]
[EventRounds "9"]
[EventCountry "CHN"]
[SourceTitle "CBM 182 Extra"]
[Source "ChessBase"]
[SourceDate "2018.02.23"]
[SourceVersion "1"]
[SourceVersionDate "2018.02.23"]
[SourceQuality "1"]

1. d4 Nf6 2. c4 g6 3. Nc3 Bg7 4. e4 d6 5. Be2 0-0 6. Bg5 c5 7. d5 h6 8. Be3 e6 9. Qd2 Kh7 10. Nf3 exd5 11. exd5 Re8 12. 0-0 a6 13. Rae1 Bg4 14. b3 Qc7 15. Bf4 Nbd7 16. h3 Bxf3 17. Bxf3 Rxe1 18. Rxe1 Re8 19. Rxe8 Nxe8 20. Ne4 Ne5 21. Be2 Qe7 22. Qe3 f5 23. Nd2 Nf6 24. g4 fxg4 25. hxg4 Nfd7 26. Ne4 g5 27. Bg3 Kh8 28. f4 Ng6 29. Qf3 Bd4+ 30. Kf1 gxf4 31. Bxf4 Nh4 32. Bxd6 Qe8 33. Qf4 Bg7 34. Ng3 Ng6 35. Qf5 Nf6 36. Bd3 Nh4 37. Qf4 Ng6 38. Bxg6 Qxg6 39. Nf5 Nxg4 40. Bxc5 Be5 41. Qe4 Qg5 42. Be3 Qh5 43. Bf4 Qh3+ 44. Ke2 Bxf4 45. Qe8+ Kh7 46. Qf7+ 1-0

[Event "CHN-ch rapid"]
[Site "Shenzhen"]
[Date "2017.12.07"]
[Round "1"]
[White "Lan, Zilun"]
[Black "Liu, Chang"]
[Result "0-1"]
[WhiteElo "2361"]
[BlackElo "2357"]
[PlyCount "156"]
[EventDate "2017.12.07"]
[EventType "swiss (rapid)"]
[EventRounds "9"]
[EventCountry "CHN"]
[SourceTitle "CBM 182 Extra"]
[Source "ChessBase"]
[SourceDate "2018.02.23"]
[SourceVersion "1"]
[SourceVersionDate "2018.02.23"]
[SourceQuality "1"]

1. d4 d5 2. Bf4 c6 3. Nf3 Nf6 4. e3 Bf5 5. Bd3 Bxd3 6. cxd3 e6 7. 0-0 Bd6 8. Bg5 Be7 9. Qe2 0-0 10. e4 Nbd7 11. Nc3 Rc8 12. Rac1 h6 13. Be3 b6 14. Ne5 c5 15. f4 cxd4 16. Bxd4 Bc5 17. Bf2 Bxf2+ 18. Qxf2 dxe4 19. Nxd7 Qxd7 20. dxe4 Rfd8 21. e5 Ng4 22. Qf3 Qd4+ 23. Kh1 Ne3 24. Rfe1 Nc4 25. Rcd1 Qc5 26. Ne4 Qb4 27. b3 Nd2 28. Rxd2 Rxd2 29. a3 Qd4 30. Nxd2 Qxd2 31. Rf1 Qc3 32. Qb7 Rc7 33. Qb8+ Kh7 34. h3 Rd7 35. Qe8 Qc7 36. a4 Rd8 37. Qb5 Qc2 38. Qa6 Rd7 39. b4 Qe4 40. Qb5 Rc7 41. a5 bxa5 42. bxa5 h5 43. Qb1 Qxb1 44. Rxb1 Kg6 45. Rb5 h4 46. g4 hxg3 47. Kg2 a6 48. Rb6 Kf5 49. Kxg3 Rc3+ 50. Kg2 Kxf4 51. Rb7 Rc2+ 52. Kf1 f5 53. exf6 gxf6 54. Rb6 Kf5 55. Rxa6 e5 56. Rb6 Rh2 57. Rb3 Ra2 58. Rb5 Kf4 59. h4 e4 60. h5 Ra1+ 61. Ke2 Ra2+ 62. Kf1 f5 63. h6 Ra1+ 64. Ke2 Ra2+ 65. Kf1 Ra1+ 66. Ke2 Ra2+ 67. Kf1 Ra1+ 68. Ke2 Ra2+ 69. Kf1 e3 70. Rc5 Kg4 71. h7 Rh2 72. a6 Rxh7 73. Ra5 f4 74. Ke2 Rh2+ 75. Kd3 Rd2+ 76. Kc3 Rd8 77. a7 e2 78. Ra1 f3 0-1

[Event "CHN Team"]
[Site "Beijing"]
[Date "2017.06.12"]
[Round "7.1"]
[White "Huang, Renjie"]
[Black "Liu, Chang"]
[Result "0-1"]
[WhiteElo "2156"]
[BlackElo "2345"]
[PlyCount "96"]
[EventDate "2017.06.06"]
[EventType "team-swiss"]
[EventRounds "9"]
[EventCountry "CHN"]
[SourceTitle "CBM 178 Extra"]
[Source "ChessBase"]
[SourceDate "2017.06.22"]
[SourceVersion "1"]
[SourceVersionDate "2017.06.22"]
[SourceQuality "1"]
[WhiteTeam "Shandong"]
[BlackTeam "Guangdong"]
[WhiteTeamCountry "CHN"]
[BlackTeamCountry "CHN"]

1. e4 d6 2. d4 g6 3. Nc3 Bg7 4. Be3 a6 5. a4 b6 6. g3 Bb7 7. Bg2 Nf6 8. Qe2 0-0 9. f4 e5 10. 0-0-0 Qe8 11. fxe5 dxe5 12. d5 Nbd7 13. g4 c6 14. g5 Nh5 15. Nh3 Nf4 16. Qf2 cxd5 17. Nxd5 Bxd5 18. exd5 Nxg2 19. Qxg2 e4 20. Nf2 Qe5 21. Rd4 Nc5 22. Ng4 Qd6 23. Rf1 Rad8 24. Nf6+ Bxf6 25. gxf6 Qe5 26. Qh3 h5 27. a5 bxa5 28. Qh4 Rxd5 29. Rxd5 Qxd5 30. Bxc5 Qxc5 31. Qxe4 Rb8 32. Qf4 Qb4 33. Qxb4 axb4 34. c4 bxc3 35. bxc3 Kh7 36. Kc2 g5 37. c4 Kg6 38. Kc3 Rb6 39. c5 Rxf6 40. Rc1 Rc6 41. Kd4 g4 42. Kd5 Rc8 43. c6 f5 44. Ke5 Kg5 45. c7 f4 46. Ke4 f3 47. h3 f2 48. Ke3 Rxc7 0-1

[Event "CHN Team"]
[Site "Beijing"]
[Date "2017.06.06"]
[Round "1.5"]
[White "Liu, Chang"]
[Black "Chen, Baining"]
[Result "1-0"]
[WhiteElo "2345"]
[BlackElo "2053"]
[PlyCount "97"]
[EventDate "2017.06.06"]
[EventType "team-swiss"]
[EventRounds "9"]
[EventCountry "CHN"]
[SourceTitle "CBM 178 Extra"]
[Source "ChessBase"]
[SourceDate "2017.06.22"]
[SourceVersion "1"]
[SourceVersionDate "2017.06.22"]
[SourceQuality "1"]
[WhiteTeam "Guangdong"]
[BlackTeam "Shenzhen"]
[WhiteTeamCountry "CHN"]
[BlackTeamCountry "CHN"]

1. e4 c5 2. Nf3 e6 3. g3 Nf6 4. Qe2 Be7 5. Bg2 d6 6. 0-0 Nc6 7. Rd1 0-0 8. d4 cxd4 9. Nxd4 e5 10. Nb3 Qc7 11. Nc3 a6 12. f4 exf4 13. gxf4 Bg4 14. Bf3 Bxf3 15. Qxf3 Rfe8 16. Be3 b5 17. a3 Rac8 18. Rd2 Bf8 19. Bf2 Nb8 20. Re1 Nbd7 21. Bd4 Qb7 22. Kg2 Re6 23. Rde2 h5 24. Nd5 Nxd5 25. exd5 Rg6+ 26. Kh1 Nb6 27. f5 Rg5 28. Be3 Rg4 29. h3 Rgc4 30. Na5 Qxd5 31. Qxd5 Nxd5 32. Nxc4 Rxc4 33. c3 f6 34. Bd4 Kf7 35. Re4 Ne7 36. Rf1 Nd5 37. Kg2 g5 38. fxg6+ Kxg6 39. Kf3 f5 40. Rg1+ Kf7 41. Rh4 Nf6 42. Rf4 Ke6 43. Rg5 Be7 44. Bxf6 Rxf4+ 45. Kxf4 Bxf6 46. Rxf5 Be5+ 47. Kg5 h4 48. Rf8 Bg3 49. Ra8 1-0

[Event "Bangkok op 17th"]
[Site "Bangkok"]
[Date "2017.04.14"]
[Round "7"]
[White "Bindrich, Falko"]
[Black "Liu, Chang"]
[Result "1-0"]
[WhiteElo "2582"]
[BlackElo "2346"]
[PlyCount "137"]
[EventDate "2017.04.08"]
[EventType "swiss"]
[EventRounds "9"]
[EventCountry "THA"]
[SourceTitle "CBM 177 Extra"]
[Source "ChessBase"]
[SourceDate "2017.04.27"]
[SourceVersion "1"]
[SourceVersionDate "2017.04.27"]
[SourceQuality "1"]

1. d4 Nf6 2. c4 g6 3. Nf3 Bg7 4. g3 0-0 5. Bg2 c6 6. Nc3 d5 7. cxd5 cxd5 8. Ne5 Nc6 9. 0-0 Bf5 10. Nxc6 bxc6 11. Bf4 Nd7 12. Na4 Rc8 13. Rc1 Qa5 14. b3 Rfd8 15. Bd2 Qb5 16. Be3 Qa5 17. Qe1 Qxe1 18. Rfxe1 Nb6 19. Nc5 e5 20. Red1 Re8 21. Kf1 Nd7 22. Nb7 Bf8 23. dxe5 Nxe5 24. Bc5 Rb8 25. Nd6 Bxd6 26. Bxd6 Rb6 27. Bc5 Rb5 28. Bd4 Bd7 29. h3 f5 30. Bc3 Nf7 31. Rd4 Nd6 32. Ra4 Ra8 33. Bd4 a5 34. Be5 Ne4 35. f3 Nc5 36. Ra3 Kf7 37. Kf2 Ke6 38. Bc3 Nb7 39. Ra4 c5 40. Rh4 h5 41. g4 Be8 42. gxf5+ gxf5 43. Bf1 Nd6 44. Be1 c4 45. bxc4 dxc4 46. Bc3 Rc8 47. Rf4 Bf7 48. h4 Ke7 49. Bh3 Rg8 50. Rd1 Be6 51. Rfd4 Nb7 52. e4 Rd8 53. exf5 Bxf5 54. Bxf5 Rxf5 55. Re4+ Kf7 56. Rxd8 Nxd8 57. Rxc4 Ke6 58. Re4+ Kd6 59. Rd4+ Ke7 60. Ke3 Nc6 61. Rc4 Kd6 62. Ke4 Rf8 63. f4 Rg8 64. Ra4 Rg4 65. Bf6 Rg2 66. Kf5 Kc5 67. Ra3 Kb4 68. Rb3+ Ka4 69. Rb2 1-0

[Event "Danzhou Hainan op 1st"]
[Site "Danzhou"]
[Date "2016.12.15"]
[Round "8"]
[White "Liu, Chang"]
[Black "Zhao, Zong Yuan"]
[Result "1/2-1/2"]
[WhiteElo "2334"]
[BlackElo "2544"]
[PlyCount "115"]
[EventDate "2016.12.07"]
[EventType "swiss"]
[EventRounds "9"]
[EventCountry "CHN"]
[SourceTitle "CBM 176 Extra"]
[Source "ChessBase"]
[SourceDate "2017.03.02"]
[SourceVersion "1"]
[SourceVersionDate "2017.03.02"]
[SourceQuality "1"]

1. e4 c5 2. Nf3 Nc6 3. g3 Nf6 4. Qe2 d5 5. exd5 Nxd5 6. Bg2 g6 7. 0-0 Bg7 8. Nc3 Nc7 9. d3 0-0 10. Be3 b6 11. Qd2 Bb7 12. Bh6 Ne6 13. Bxg7 Kxg7 14. Rae1 Rb8 15. a3 Ned4 16. Nxd4 Nxd4 17. f4 Bxg2 18. Qxg2 Qd7 19. Rf2 Rfd8 20. Qe4 e6 21. a4 Rbc8 22. b3 a6 23. g4 f5 24. Qe5+ Kf7 25. h3 Qd6 26. Qxd6 Rxd6 27. Kg2 h5 28. Nd1 hxg4 29. hxg4 Rdd8 30. Ne3 b5 31. axb5 axb5 32. Ra1 Ra8 33. Rff1 Kf6 34. Kg3 g5 35. gxf5 exf5 36. Rxa8 Rxa8 37. Nd5+ Kg6 38. c3 Ne2+ 39. Kf3 Nxf4 40. Nxf4+ gxf4 41. Kxf4 Rd8 42. Rf3 b4 43. cxb4 Rd4+ 44. Ke5 Rxb4 45. Kd5 Rxb3 46. Kxc5 Kg5 47. Kc4 Ra3 48. Rf1 f4 49. d4 f3 50. d5 Kf4 51. d6 Ra2 52. Kd5 f2 53. d7 Ke3 54. Ke6 Rd2 55. Ke7 Ke2 56. Rxf2+ Kxf2 57. d8Q Rxd8 58. Kxd8 1/2-1/2

[Event "Danzhou Hainan op 1st"]
[Site "Danzhou"]
[Date "2016.12.11"]
[Round "5"]
[White "Liu, Chang"]
[Black "Xu, Yi"]
[Result "1/2-1/2"]
[WhiteElo "2334"]
[BlackElo "2430"]
[PlyCount "86"]
[EventDate "2016.12.07"]
[EventType "swiss"]
[EventRounds "9"]
[EventCountry "CHN"]
[SourceTitle "CBM 176 Extra"]
[Source "ChessBase"]
[SourceDate "2017.03.02"]
[SourceVersion "1"]
[SourceVersionDate "2017.03.02"]
[SourceQuality "1"]

1. e4 e5 2. Nf3 Nc6 3. Nc3 Nf6 4. d4 exd4 5. Nxd4 Bb4 6. Nxc6 bxc6 7. Bd3 0-0 8. 0-0 d5 9. exd5 cxd5 10. Bg5 c6 11. Qf3 Bd6 12. Bxf6 Qxf6 13. Qxf6 gxf6 14. Ne2 Re8 15. Ng3 h6 16. Nf5 Bf8 17. Rfe1 Re5 18. g4 Rb8 19. b3 Bxf5 20. Bxf5 Bb4 21. Rf1 Bc3 22. Rad1 d4 23. a4 Kf8 24. Kg2 Ke7 25. f4 Re3 26. Rf3 Rd8 27. Rxe3+ dxe3 28. Rd3 Bd2 29. Kf3 e2 30. Kxe2 Rxd3 31. Kxd3 Bxf4 32. h4 Bg3 33. h5 Kd6 34. Kc4 Kc7 35. b4 a6 36. Be4 Bf2 37. Kb3 Kb6 38. c4 Be1 39. c5+ Kc7 40. Bd3 Kb7 41. Be4 Kc7 42. Bd3 Kb7 43. Be4 Kc7 1/2-1/2

[Event "Barbera del Valles op 39th"]
[Site "Barbera del Valles"]
[Date "2016.07.12"]
[Round "9"]
[White "Liu, Chang"]
[Black "Alvarez Pedraza, Aramis"]
[Result "1/2-1/2"]
[WhiteElo "2361"]
[BlackElo "2484"]
[PlyCount "149"]
[EventDate "2016.07.04"]
[EventType "swiss"]
[EventRounds "9"]
[EventCountry "ESP"]
[SourceTitle "EXT 2017"]
[Source "ChessBase"]
[SourceDate "2016.10.25"]
[SourceVersion "1"]
[SourceVersionDate "2016.10.25"]
[SourceQuality "1"]

1. e4 e6 2. Qe2 e5 3. Nf3 Nc6 4. g3 g6 5. Bg2 Bg7 6. d3 Nge7 7. 0-0 0-0 8. c3 d6 9. Na3 f5 10. Bg5 f4 11. d4 h6 12. Bxe7 Qxe7 13. d5 Nb8 14. Ne1 h5 15. Nd3 Bh6 16. c4 b6 17. b4 a5 18. Nb5 axb4 19. Nxb4 Ra4 20. a3 Rf7 21. Rfb1 Qg5 22. Rb3 Bg4 23. Bf3 Bh3 24. Bg2 Bg4 25. Bf3 Bc8 26. Bg2 Qf6 27. Rc3 Na6 28. Nxa6 Rxa6 29. Ra2 Ra8 30. a4 Kg7 31. h3 Kh7 32. g4 Qg5 33. f3 Qh4 34. Qf2 Qg3 35. Rca3 Ra5 36. Kf1 Bg5 37. Ke2 Bh4 38. Qf1 Kg8 39. Kd1 Bg5 40. Re2 Kf8 41. Kc2 Ke8 42. Kb2 Kd8 43. Bh1 Rh7 44. Bg2 Bd7 45. Qf2 Bh4 46. Qf1 Kc8 47. Ka2 Kb7 48. Rb2 Rh8 49. Qd1 Qe1 50. Qxe1 Bxe1 51. Kb3 Rha8 52. Bf1 Bg3 53. Ra1 Rh8 54. Bd3 Bh4 55. Rg1 Bg3 56. Ra2 Raa8 57. Rga1 Ra5 58. Rg1 Rha8 59. Rga1 Be8 60. Rh1 Kc8 61. Rha1 Kd7 62. Bf1 Kc8 63. Bd3 Kb7 64. Bf1 Bd7 65. Bd3 Rh8 66. Rf1 Raa8 67. Rfa1 hxg4 68. hxg4 Rh3 69. Bf1 Rh7 70. Bg2 Rh2 71. Bf1 Rxa2 72. Rxa2 Rh8 73. Bg2 Rh2 74. Re2 Be8 75. Kc3 1/2-1/2

[Event "Barbera del Valles op 39th"]
[Site "Barbera del Valles"]
[Date "2016.07.06"]
[Round "3"]
[White "Liu, Chang"]
[Black "Harikrishnan, A Ra"]
[Result "1/2-1/2"]
[WhiteElo "2361"]
[BlackElo "2138"]
[PlyCount "63"]
[EventDate "2016.07.04"]
[EventType "swiss"]
[EventRounds "9"]
[EventCountry "ESP"]
[SourceTitle "EXT 2017"]
[Source "ChessBase"]
[SourceDate "2016.10.25"]
[SourceVersion "1"]
[SourceVersionDate "2016.10.25"]
[SourceQuality "1"]

1. e4 e6 2. Qe2 d5 3. exd5 Qxd5 4. Nc3 Qd8 5. Nf3 b6 6. d4 Nf6 7. Bg5 Be7 8. Bxf6 Bxf6 9. Qe4 c6 10. 0-0-0 Bb7 11. Qf4 Nd7 12. Ne4 Qb8 13. Nxf6+ Nxf6 14. Ne5 Qc7 15. Bc4 0-0 16. Rhe1 c5 17. dxc5 Qxc5 18. f3 Rad8 19. Nd3 Rd4 20. Nxc5 Rxf4 21. Nxb7 Rxc4 22. Nd6 Rc6 23. Kb1 Nd5 24. Nf5 Rc7 25. Ne3 Nxe3 26. Rxe3 Rfc8 27. c3 Kf8 28. Kc2 Ke7 29. Red3 h5 30. a4 g5 31. Rd4 f5 32. g3 1/2-1/2

[Event "CHN-chT"]
[Site "China"]
[Date "2016.06.24"]
[Round "6.2"]
[White "Liu, Chang"]
[Black "Bu, Xiangzhi"]
[Result "0-1"]
[WhiteElo "2376"]
[BlackElo "2719"]
[PlyCount "54"]
[EventDate "2016.04.12"]
[EventType "team-tourn"]
[EventRounds "22"]
[EventCountry "CHN"]
[SourceTitle "EXT 2017"]
[Source "ChessBase"]
[SourceDate "2016.10.25"]
[SourceVersion "1"]
[SourceVersionDate "2016.10.25"]
[SourceQuality "1"]
[WhiteTeam "Guangdong"]
[BlackTeam "Shandong"]
[WhiteTeamCountry "CHN"]
[BlackTeamCountry "CHN"]

1. e4 c5 2. Nf3 Nc6 3. d4 cxd4 4. Nxd4 Nf6 5. Nc3 d6 6. Be2 e5 7. Nb3 Be7 8. 0-0 0-0 9. f4 a5 10. a4 Nb4 11. f5 b6 12. Bg5 Bb7 13. Bf3 Rc8 14. Rf2 h6 15. Bxf6 Bxf6 16. Rd2 d5 17. exd5 e4 18. Bxe4 Bxc3 19. bxc3 Rxc3 20. Qf1 Re8 21. Re1 Qh4 22. g3 Qf6 23. Bg2 Rxe1 24. Qxe1 Nxc2 25. Qe8+ Kh7 26. d6 Bxg2 27. d7 Bc6 0-1